MDQL
is popping MORE tags! Check the
thread
!
Quizzes
Events
Quiz Creation
Community
Videos
Private Events
Remove Ads
Sign In
Join for FREE
Feedback
Dark Mode
Quiz Categories
Sports
Geography
Music
Movies
Television
Just For Fun
Miscellaneous
History
Literature
Language
Science
Gaming
Entertainment
Religion
Holiday
For Kids
Quiz Lab
Recent
Popular Today
Quiz Kudos Today
Editor Picks
Curator Picks
Quizzes by...
Day
Popularity
Type
Ratings
Length
Year
Community
Subscriptions
Recent Discussions
Orange Saloon
Badges
Playlists
Quests
Create
Leaderboards
Showdown
Live 5
Trivia Bingo
Activity
Puzzle Library
Sporcle Events
Private Events
Virtual Trivia
Globe League
Become a Host
Pub Owners
SporcleCon
Opinionation
Our Games
Videos
Blog
Mobile Apps
Partnerships
Remove Ads and Go Orange
Feedback
Gaming
Video Games
Board Games
Card Games
Pokémon
Mario
Nintendo
Minecraft
Console
Toys
Legend of Zelda
Gaming
Video Games
Board Games
Card Games
Pokémon
Mario
Nintendo
Minecraft
Console
Toys
Legend of Zelda
Random Quiz
Search Sporcle
×
Quiz Lab
Quiz Lab
Gaming
Olympics
Type in answers that appear in a list
Type in answers that appear in a list
Classic
Best Score? Go Orange.
Mario and Sonic London 2012 Olympic Games Stats
Can you name the Mario and Sonic at the London 2012 Olympic Games characters?
By
psyduck
7m
21 Questions
415 Plays
415 Plays
415 Plays
Comments
Comments
Give Quiz Kudos
Give Quiz Kudos
-
- Ratings
hide this ad
More Info
Replay
Link that replays current quiz
Next Quiz
Link to next quiz in quiz playlist
You Got
0%
They Got
Avg Score
86%
Avg Friend Score
Upgrade to see
Score Distribution
Jump to the score distribution portion of the page
Score
0/21
Timer
07:00
1
Play Today
Hint
% Correct
All-
Round
Mario
96.6%
Speed
Sonic
96.1%
All-
Round
Luigi
94.2%
Power
Bowser
92%
Skill
Peach
91.1%
All-
Round
Amy
90.3%
Speed
Shadow
90.1%
Skill
Tails
89.4%
Speed
Daisy
89.4%
Power
Knuckles
89.1%
Power
Wario
88.9%
Hint
% Correct
Skill
Waluigi
87.4%
Speed
Yoshi
87.4%
Skill
Dr. Eggman
87.2%
Power
Vector
85%
All-
Round
Blaze
84.8%
Speed
Metal Sonic
82.1%
Skill
Silver
81.4%
All-
Round
Bowser Jr.
80%
Power
DK
66.9%
Other (Playable)
Mii
65.7%
Quiz Playlist
Details
Report
Send in Message
Add To Playlist
More Info:
34 characters
Classic:
Type in answers that appear in a list
Last Updated: Sep 3, 2020
Quiz Scoreboard
CHALLENGE
Sign Up to Join the Scoreboard
Show All
Scores
Hide
Comments
May contain spoilers
Recently Published
Holiday 10x10 Sorting Gallery
by lukepisani3
Holiday
15m
Two Season TV Shows II
by 123Four
Television
10m
Image Sorting: Flags VI
by Barbecue
Geography
2m
More to Explore
Quiz From the Vault
Featured Blog Post
14 Easter Pick-up Lines to Find Eggs With
hide this ad
You Might Also Like...
Tags
Mario Quiz
Olympics Quiz
2012
London 2012
sonic
Today's Top Quizzes in Gaming
Browse Gaming
hide this ad
Today's Top Quizzes in Olympics
Browse Olympics
Top Contributed Quizzes in Gaming
1
League of Legends Pro Players by Career/Team History
2
Genshin Impact Logic Puzzle
3
Destiny 2 exotic weapons by perk icons
4
Genshin Impact Logic Puzzle Quiz
5
Genshin murder mystery
6
4x4 Decades: Video Games
7
Who's on the WWE 2K24 Cover?
8
Ultimate Genshin Impact Logic Puzzle (up to 4.3)
9
Dead By Daylight Logic Puzzle
10
Undertale Logic Puzzle
Explore More
Trending Topics
Disney
Harry Potter
Marvel
Kpop
NBA
Crossword
Anime
Soccer
Song
Country
Pokémon
WWE
NFL
The Office
Puzzle
hide this ad
More By:
psyduck
Quiz
Plays
Rating
Category
Featured
Created
Letters Minefield: Vertically Symmetrical Letters
11,659
4.45
Just For Fun
Aug 26, 2014
African Countries Below or on the Equator (Minefield)
10,463
3.65
Geography
Mar 15, 2013
Percy Jackson Death Row
1,901
5.00
Literature
Nov 12, 2014
Dual-Type Pokemon (Gen 1)
1,671
4.81
Gaming
Jul 22, 2014
Minecraft Blocks A-Z
1,596
4.21
Gaming
Sep 19, 2020
Go to Creator's Profile
Score Distribution
Quiz Creator Spotlight
psyduck
Follow
Send a Message
Quizzes Created
-
Created Quiz Play Count
-
More By This Creator
Popular Quizzes Today
1
Find the US States - No Outlines Minefield
2
Colored Red Africa Blitz
3
Find the 'City' Movie
4
The Countries of the World
5
5x2 Blitz: Bands
6
Find the Countries of Europe - No Outlines Minefield
7
Find the US States
8
US States
More Gaming Quizzes
Elemental Board Games
Published
Trending Quizzes
Colored Red Europe Blitz I
Colored Red Europe Blitz II
Colored Red Africa Blitz II
Colored Red Europe Blitz III
Colored Red Africa Blitz III
Recently Updated
Odd Team Out - Big 4 Players
pecheneg
Quick Pick: 20 Twenties
pecheneg
March Madness Men's Triple Doubles
pecheneg
How Do You Spell That?
pecheneg
Godzilla Movies
pecheneg
Grab Bag: 4-10 Letters
pecheneg
2024 March Madness Bracket
pecheneg
Famous TV Couples
Peacemaker
Champions League XIs: Real Madrid
pecheneg
Largest US Cities 1790-2010
pecheneg
Trending Topics
Kpop
Disney
Marvel
Harry Potter
NBA
Anime
Crossword
Pokémon
Country
Puzzle
WWE
Song
NFL
The Office
Soccer
Your Account Isn't Verified!
In order to create a playlist on Sporcle, you need to verify the email address you used during registration. Go to your
Sporcle Settings
to finish the process.
Report this User
Report this user for behavior that violates our
Community Guidelines
.
Details:
Send Report
Go to the Sporcle.com Mobile Site →
Comments